000
00227nam a2200097 a 4500
008
111024s1984|||| d
245
1
0
_a
Ruskaja literatúra
260
_b
Moskva
_a
Prosveščenie
_c
1984
020
_c
10
044
_a
SR
999
_c
19826
_d
19826